| 000 | 00583cam a22001935a 4500 | ||
|---|---|---|---|
| 001 | L157521 | ||
| 008 | 130109s1893 xxk f 000 0 eng d | ||
| 035 | _a(Sirsi) u157521 | ||
| 041 | 0 | _aeng | |
| 050 | 0 | 4 | _a920 $2 18 |
| 100 | 1 | _aSturge, William | |
| 245 | 0 | 0 | _aSome recollections of a long life |
| 260 |
_a[Bristol] _b[s.n.] _c1893 |
||
| 300 |
_a72p. _c19cm. |
||
| 510 | 4 | _aMemoir by William Sturge, who was born in Bristol in August 1820. Inscribed by the author on the half title page. | |
| 651 | 4 |
_aGreat Britain _y1707- |
|
| 690 | _aBusiness and management | ||
| 942 | _n0 | ||
| 999 |
_c114818 _d114818 |
||